-
Instituto Latinoamericano de Naciones Unidas para la Prevención del Delito y Tratamiento del Delincuente (ILANUD)
Entrada Nombre corporativo
Número de registros utilizados en: 1
001 - NÚMERO DE CONTROL
003 - IDENTIFICADOR DEL NÚMERO DE CONTROL
- campo de control:
DR-UNIBE
005 - FECHA Y HORA DE LA ÚLTIMA TRANSACCIÓN
- campo de control:
20250506112602.0
008 - DATOS DE LONGITUD FIJA
- campo de control de longitud fija:
250506|| aca||aabn | a|a d
040 ## - FUENTE DE LA CATALOGACIÓN
- Centro catalogador/agencia de origen:
DR-UNIBE
110 ## - ENCABEZAMIENTO-NOMBRE DE ENTIDAD CORPORATIVA
- Nombre de entidad corporativa o nombre de jurisdicción como elemento de entrada:
Instituto Latinoamericano de Naciones Unidas para la Prevención del Delito y Tratamiento del Delincuente (ILANUD)